Ravikuningattaret - Statistics

Yleistilastot
  • Tätä visaa on pelattu 13 kertaa
  • Keskiarvotulos 10 / 74
Vastaustilastot
Vuosi ja rata Vastaus % Oikein
2015 Joensuu Saaga S
64%
2016 Turku Saaga S
64%
2017 Helsinki Saaga S
64%
2021 Seinäjoki Suven Sametti
64%
2022 Forssa Suven Sametti
64%
2009 Lappeenranta I.P. Vipotiina
55%
2010 Oulu I.P. VIpotiina
55%
2011 Tampere I.P. Vipotiina
55%
2006 Forssa B. Helmiina
27%
2007 Kouvola B. Helmiina
27%
1996 Mikkeli I.P. Sukkula
27%
1999 Pori I.P. Sukkula
27%
2000 Joensuu I.P. Sukkula
27%
2013 Kuopio Marimin
27%
2014 Pori Mokomani
27%
2012 Mikkeli Sirun Valpuriina
27%
1987 Lahti Valomerkki
27%
1988 Forssa Valomerkki
27%
1989 Seinäjoki Valomerkki
27%
1990 Kouvola Valomerkki
27%
1955 Lappeenranta Suhina
18%
1957 Kokkola Suhina
18%
1958 Lahti Suhina
18%
2001 Turku V.H. Suvitar
18%
2003 Lahti V.H. Suvitar
18%
2004 Rovaniemi V.H. Suvitar
18%
2018 Rovaniemi Akaasia
9%
1981 Oulu Hipo
9%
2005 Seinäjoki Milia
9%
2008 Jyväskylä Velin Vinke
9%
1978 Tampere Aiheen-Ilo
0%
1953 Tampere A.K. Tyttö
0%
1954 Oulu A.K. Tyttö
0%
1963 Turku Eri-Hotti
0%
1950 Pori Esta
0%
1964 Kouvola Helätin
0%
1965 Seinäjoki Helätin
0%
1966 Pori Helätin
0%
1983 Turku Hulpu
0%
1948 Joensuu Ilo
0%
1973 Kouvola Ilori
0%
1968 Forssa Karina
0%
1979 Mikkeli Lenita
0%
1952 Kouvola Lilli
0%
1994 Oulu Luisteri
0%
1995 Tampere Luisteri
0%
1967 Kuopio Marinka
0%
1969 Oulu Marinka
0%
1961 Vaasa M.T. Sutka
0%
1949 Turku Murrokas
0%
1980 Pori Pimari
0%
1982 Kuopio Puhetyttö
0%
1974 Lahti Riuskan-Tyttö
0%
1976 Jyväskylä Riuskan-Tyttö
0%
1959 Kuopio Sato-Satu
0%
1960 Helsinki Sato-Satu
0%
1962 Jyväskylä Sato-Satu
0%
1975 Seinäjoki Tarja-Tuulikki
0%
1970 Helsinki Tella
0%
1971 Vaasa Tella
0%
1972 Pori Tella
0%
1991 Jyväskylä Totina
0%
2002 Kaustinen Turotuuli
0%
1998 Kuopio Uja
0%
1984 Joensuu Vekkuliina
0%
1985 Kaustinen Vekkuliina
0%
1986 Tornio Vekkuliina
0%
2019 Lahti Vieskerin Virva
0%
1951 Seinäjoki Vilkku
0%
1977 Lappeenranta Viluma
0%
1997 Ylivieska Vintar
0%
1992 Helsinki Vipu
0%
1993 Lappeenranta Vipu
0%
2020 Seinäjoki Virin Camilla
0%
Ehtoja vastaavia visoja ei löytynyt
Tulosjakauma
Jokaisen tuloksen saaneiden osuus
Persentiili vastausten määrän mukaan
Tuloshistoriasi
Et ole pelannut tätä visaa